Normal view
MARC view
Entry Personal Name
001 - CONTROL NUMBER
- control field: 19487
003 - CONTROL NUMBER IDENTIFIER
- control field: BD-DhEWU
005 - DATE AND TIME OF LATEST TRANSACTION
- control field: 20150420104154.0
008 - FIXED-LENGTH DATA ELEMENTS
- fixed length control field: 150420|| aca||aabn | a|a d
040 ## - CATALOGING SOURCE
- Original cataloging agency: BD-DhEWU
- Transcribing agency: BD-DhEWU
100 ## - HEADING--PERSONAL NAME
- Personal name: Lindsey, James K.
670 ## - SOURCE DATA FOUND
- Source citation: Work cat.: (BD-DhEWU)6630: Lindsey, James K., Applying generalized linear models /, c1997.